|
|
|
|
| LEADER |
00849nam a2200241 a 4500 |
| 001 |
7751 |
| 003 |
BD-DhAAL |
| 005 |
20151111095054.0 |
| 008 |
151111s1995 xna 000 1 eng d |
| 020 |
|
|
|a 0340640278
|
| 020 |
|
|
|a 034064026X
|c $34.95
|
| 035 |
|
|
|a 598093
|
| 040 |
|
|
|a ANB:REV
|b eng
|c ANB:REV
|d XNTU
|d BD-DhAAL
|
| 082 |
0 |
4 |
|a 823.914
|2 21
|
| 100 |
1 |
|
|a Le Carre, John,
|b 1931-
|9 7308
|
| 245 |
1 |
0 |
|a Our game /
|c John le Carre.
|
| 260 |
|
|
|a Rydalmere, N.S.W. :
|a Hodder :
|b Hodder & Stoughton,
|b Coronet Books,
|c c1995.
|
| 300 |
|
|
|a 414 p. ;
|c 18 cm.
|
| 650 |
|
0 |
|a Adventure stories.
|9 16093
|
| 655 |
|
7 |
|a Romantic suspense novels.
|2 gsafd
|9 12808
|
| 942 |
|
|
|2 ddc
|c BK
|
| 999 |
|
|
|c 36105
|d 36105
|
| 952 |
|
|
|0 0
|1 0
|2 ddc
|4 0
|6 823_914000000000000_LEC
|7 0
|9 56730
|a SCL
|b SCL
|c GEN
|d 2015-11-11
|e Gift:
|l 6
|m 25
|o 823.914 LEC
|p 3020007751
|r 2024-06-04
|s 2024-05-28
|t 1
|w 2015-11-11
|y BK
|